000 00406nam a2200145 4500
001 120659
003 ES-MaACL
007 t|
008 070214s1906 fr r ||||1| fre d
100 1 _aPozzi-Escot, Emm.
_993566
245 1 0 _aPrécis de Chimie Physique /
_cpar M. Emm. Pozzi-Escot.
260 _aParis :
_bJules Rousset,
_c1906.
300 _aXI, 231 p. :
_bil. ;
_c23 cm.
852 _aES-MaACL
_jB-5199
999 _c120659
_d120659